MARC

LEADER 00000nlm0a2200000 4500
001 163118
005 20231101222356.0
035 |a (RuTPU)RU\TPU\book\176939 
090 |a 163118 
100 |a 20090707d2006 m y0rusy50 ca 
101 0 |a rus 
102 |a RU 
105 |a a j 001zy 
135 |a vrcn ---uucaa 
181 0 |a i  
182 0 |a b 
200 1 |a Экология человека  |b Электронный ресурс  |e учебное пособие  |f М. П. Чубик  |g Томский политехнический университет (ТПУ) 
203 |a Текст  |c электронный 
210 |a Томск  |c Изд-во ТПУ  |d 2006 
225 1 |a Учебники Томского политехнического университета 
230 |a 1 компьютерный файл (pdf; 1603 KB) 
300 |a Заглавие с титульного экрана 
300 |a Электронная версия печатной публикации 
333 |a Режим доступа: из корпоративной сети ТПУ 
337 |a Adobe Reader 
452 1 |0 (RuTPU)RU\TPU\book\118604  |t Экология человека  |o учебное пособие  |f М. П. Чубик  |g Томский политехнический университет  |c Томск  |n Изд-во ТПУ  |d 2006  |p 147 с.  |s Учебники Томского политехнического университета  |a Чубик, Максим Петрович 
606 1 |a Экология человека  |2 stltpush  |3 (RuTPU)RU\TPU\subj\39025  |9 59266 
610 1 |a человек 
610 1 |a природа 
610 1 |a урбоэкология 
610 1 |a человеческие экосистемы 
610 1 |a демографические процессы 
610 1 |a окружающая среда 
610 1 |a антропогенное воздействие 
610 1 |a урбанизированная среда 
610 1 |a города 
610 1 |a население 
610 1 |a учебные пособия 
610 1 |a электронный ресурс 
675 |a 504.75(075.8)  |v 3 
700 1 |a Чубик  |b М. П.  |c эколог  |c доцент Томского политехнического университета, кандидат медицинских наук  |f 1975-  |g Максим Петрович  |2 stltpush  |3 (RuTPU)RU\TPU\pers\30201 
712 0 2 |a Томский политехнический университет (ТПУ)  |c (1991- )  |2 stltpush  |3 (RuTPU)RU\TPU\col\376 
801 1 |a RU  |b 63413507  |c 20090707  |g PSBO 
801 2 |a RU  |b 63413507  |c 20130305  |g RCR 
856 4 |u http://www.lib.tpu.ru/fulltext2/m/2009/m39.pdf 
942 |c CF